Представление документа в формате MARC21

Поле Инд. ПП Название Значение
Тип записи a
Библиографический уровень b
001 Контрольный номер a516ddfa49a44eaa866e5426b0833de8
005 Дата корректировки 20200630193147.6
008 Кодируемые данные 20140826
040 b Код языка каталог. rus
e Правила каталог. PSBO
041 0_ a Код языка текста rus
084 a Индекс другой классификации/Индекс ББК 60.80
100 1_ a Автор Южаков В. Н.
q Полное имя Южаков Владимир Николаевич
100 1_ a Автор Добролюбова Е. И.
q Полное имя Добролюбова Елена Игоревна
100 1_ a Автор Покида А. Н.
q Полное имя Покида Андрей Николаевич
100 1_ a Автор Зыбуновская Н. В.
q Полное имя Зыбуновская Наталья Владимировна
245 10 a Заглавие Реформа контрольно-надзорной деятельности государства: оценка с позиции граждан
504 a Библиография Лит. в конце статьи
520 0_ a Аннотация С точки зрения граждан, реформа контрольно-надзорной деятельности государства не привела к снижению рисков, значимых для граждан, и охраняемых законом ценностей.
650 04 a Основная рубрика социальное управление; теория социального управления
653 1_ a Ключевые слова безопасность
a Ключевые слова государственная власть
a Ключевые слова государственное регулирование
a Ключевые слова государственный контроль
a Ключевые слова защищенность граждан
a Ключевые слова контрольно-надзорная деятельность
a Ключевые слова контрольно-надзорные органы
a Ключевые слова Россия
a Ключевые слова стратегическое управление
a Ключевые слова уровень защищенности
a Ключевые слова уровень риска
a Ключевые слова ценности
a Ключевые слова ценность жизни
a Ключевые слова ценность здоровья
773 08 t Заглавие источника Вопросы государственного и муниципального управления
d Дата издания источника 2019
g Прочая информация № 2. - С. 71 - 92 : табл., диагр.
w Контрольный № источника DU/616683499
901 t Тип документа b